| 000 -LEADER |
| fixed length control field |
00413cam a22001455i 4500 |
| 003 - CONTROL NUMBER IDENTIFIER |
| control field |
OSt |
| 005 - DATE AND TIME OF LATEST TRANSACTION |
| control field |
20200521124157.0 |
| 008 - FIXED-LENGTH DATA ELEMENTS--GENERAL INFORMATION |
| fixed length control field |
160831s2016 gw 000 0 eng |
| 020 ## - INTERNATIONAL STANDARD BOOK NUMBER |
| International Standard Book Number |
9783035610246 |
| 082 ## - DEWEY DECIMAL CLASSIFICATION NUMBER |
| Classification number |
721MIN |
| 245 00 - TITLE STATEMENT |
| Title |
Building with Bamboo : |
| Remainder of title |
Design and Technology of a Sustainable Architecture / |
| Statement of responsibility, etc |
Gernot Minke. |
| 250 ## - EDITION STATEMENT |
| Edition statement |
Second and revised edition. |
| 300 ## - PHYSICAL DESCRIPTION |
| Extent |
150 pages ; |
| Dimensions |
29 cm. |
| 942 ## - ADDED ENTRY ELEMENTS (KOHA) |
| Source of classification or shelving scheme |
|